000
00225 a2200097 4500
001
90186
082
_a
158.121 BUR
090
_c
42526
_d
42526
245
_a
What do you think
260
_a
New zealand
_b
Langen Scheiding
_c
1999
942
_a
NUST-CAE
_k
158.121 BUR
999
_c
325259
_d
325259